logo

Bir Sreshtho Munshi Abdur Rouf Library
Jhenaidah Cadet College

টাচলাইন থেকে লাফ ঝাঁপ / (Record no. 10943)

MARC details
000 -LEADER
fixed length control field 00712nam a2200241 a 4500
001 - CONTROL NUMBER
JCCL Control Number 10943
003 - CONTROL NUMBER IDENTIFIER
JCCL marc code BD-JhCC
005 - DATE AND TIME OF LATEST TRANSACTION
control field 20190620091311.0
008 - FIXED-LENGTH DATA ELEMENTS--GENERAL INFORMATION
fixed length control field 190529b2013 bd ||||| a||| 00| 0 eng d
020 ## - INTERNATIONAL STANDARD BOOK NUMBER
International Standard Book Number 9789849044031
035 ## - SYSTEM CONTROL NUMBER
system control number (BD-JhCC)10943
040 ## - CATALOGING SOURCE
Original cataloging agency BD-JhCC
Modifying agency BD-JhCC
041 ## - LANGUAGE CODE
Language code of Book ben
082 ## - DEWEY DECIMAL CLASSIFICATION NUMBER
Author mark and Year MAM 2013
Classification number 796.095492
100 ## - MAIN ENTRY--PERSONAL NAME
Personal name মামুন, মোস্তফা
245 ## - TITLE STATEMENT
Title টাচলাইন থেকে লাফ ঝাঁপ /
Statement of responsibility, etc মোস্তফা মামুন,
260 ## - PUBLICATION, DISTRIBUTION, ETC. (IMPRINT)
Place of publication, distribution, etc ঢাকা:
Name of publisher, distributor, etc বিদ্যাপ্রকাশ;
Date of publication, distribution, etc 2013.
300 ## - PHYSICAL DESCRIPTION
Pagination 138 p.:
Dimensions 22 cm.
650 ## - SUBJECT ADDED ENTRY--TOPICAL TERM
Topical term or geographic name as entry element Sports
Geographic subdivision Bangladesh
650 ## - SUBJECT ADDED ENTRY--TOPICAL TERM
Topical term or geographic name as entry element Cricket
942 ## - ADDED ENTRY ELEMENTS (KOHA)
Source of classification or shelving scheme Dewey Decimal Classification
Koha item type Books
Holdings
Source of classification or shelving scheme Damaged status Not for loan Home library Current library Shelving location Date of accession Cost, normal purchase price Total Checkouts Full call number Barcode Date last seen Copy number Koha item type
Dewey Decimal Classification     JCC Rouf Library JCC Rouf Library General Stacks 06/12/2019 140.00   796.095492 MAM 2013 14885 05/29/2019 C-1 Books

JCC Library | Contacts | JCC Home

Last Update on 23 September 2017
Copyright @ 2017-2020 JCC Rouf Library
Rouf Library, Jhenidah Cadet College (JCC), Bangladesh